| 000 | 00884nam a22002537a 4500 | ||
|---|---|---|---|
| 005 | 20121012104058.0 | ||
| 008 | 121012t xxu||||| |||| 00| 0 eng d | ||
| 010 | _aENG-106074 | ||
| 020 |
_a9781259027710 _c875.00 |
||
| 020 |
_a1259027716 _c875.00 |
||
| 035 | _aEN-89607 | ||
| 037 | _bDBAD/PUB | ||
| 040 |
_aDPL _bEng |
||
| 082 | _a332.632 | ||
| 100 | 1 |
_aWeaver, Samuel C. _953047 |
|
| 245 | 1 | 0 |
_aThe essentials of financial analysis / _cby Samuel C. Weaver |
| 260 |
_aNew Delhi _bTata McGraw Hill _c2012 |
||
| 270 |
_a7 West Patel Nagar _bNew Delhi _e110008 |
||
| 300 |
_aix,516p. _c24cm(pbk) |
||
| 500 | _aIncludes index | ||
| 942 |
_2ddc _cEN _h332.632 _mWEA |
||
| 999 |
_c70851 _d70851 |
||